| 000 | 00431nam a22001697a 4500 | ||
|---|---|---|---|
| 005 | 20160613100635.0 | ||
| 008 | 160613b xxu||||| |||| 00| 0 eng d | ||
| 020 | _a978-0-07107783-5 | ||
| 041 | _aeng | ||
| 082 | _b7093 | ||
| 100 |
_aBudynas R.G & Nisbett, J.K. _91753 |
||
| 245 | _aShigley's mechanical engineering design | ||
| 260 |
_bMc Graw Hill _c2008 |
||
| 300 | _a1088 | ||
| 650 |
_aDIPLOMA ENGINEERING _9817 |
||
| 942 | _cBK | ||
| 999 |
_c2466 _d2465 |
||